000 00598nam a22001817a 4500
005 20170424151557.0
010 _aENG-117942
020 _c210.00
_a9788123773223
035 _aEN-101474
037 _bDBAD/PUB
082 _a320.95416
100 _aGoyel, Purushottam
245 _aPolity and governance of Delhi /
_cby Purushottam Goyel [and] S.K. Sharma
260 _aNew Delhi
_bNational Book Trust
_c2016
270 _aNehru Bhawan, 5 Institutional Area, Phase-ii, Vasant kunj
_bNew Delhi
_e110070
300 _aix, 226p.
_c21cm(pbk)
942 _2ddc
_cEN
_h320.95416
_mGOY
999 _c139237
_d139237